Тучинський передзвін: література, живопис, фото (Запис № 361045)

МАРК-запис
000 -LEADER
fixed length control field 00805nam a22002417a 4500
001 - CONTROL NUMBER
control field 74756
003 - CONTROL NUMBER IDENTIFIER
control field UA-OsUOA
005 - DATE AND TIME OF LATEST TRANSACTION
control field 20220720112129.0
007 - PHYSICAL DESCRIPTION FIXED FIELD--GENERAL INFORMATION
fixed length control field ta
008 - FIXED-LENGTH DATA ELEMENTS--GENERAL INFORMATION
fixed length control field 20110418b un ||||| |||| 00| 0 ukr d
020 ## - INTERNATIONAL STANDARD BOOK NUMBER
International Standard Book Number 9789668179532
040 ## - CATALOGING SOURCE
Original cataloging agency UA-OsUOA
Language of cataloging ukr
Transcribing agency UA-OsUOA
Modifying agency UA-OsUOA
041 ## - LANGUAGE CODE
Language code of text/sound track or separate title ukr
080 ## - UNIVERSAL DECIMAL CLASSIFICATION NUMBER
Universal Decimal Classification number 821.161.2
090 ## - LOCALLY ASSIGNED LC-TYPE CALL NUMBER (OCLC); LOCAL CALL NUMBER (OCLC)
Classification number (OCLC) (R) ; Classification number, CALL (RLIN) (NR) 821.161.2
Local cutter number (OCLC) ; Book number/undivided call number, CALL (RLIN) Т92
245 ## - TITLE STATEMENT
Title Тучинський передзвін: література, живопис, фото
Remainder of title альманах
Statement of responsibility, etc автор проекту Надія Янчук
Number of part/section of a work вип. 2
260 ## - PUBLICATION, DISTRIBUTION, ETC. (IMPRINT)
Place of publication, distribution, etc Рівне
Name of publisher, distributor, etc Овід
Date of publication, distribution, etc 2010
300 ## - PHYSICAL DESCRIPTION
Extent 152 с.
650 #7 - SUBJECT ADDED ENTRY--TOPICAL TERM
Topical term or geographic name as entry element 82 Література. Літературознавство
Source of heading or term UDC
942 ## - ADDED ENTRY ELEMENTS (KOHA)
Koha item type Книги
Source of classification or shelving scheme Universal Decimal Classification
955 ## - COPY-LEVEL INFORMATION (RLIN)
Classification number, CCAL (RLIN) Літературно-художні видання
Фонди
Withdrawn status Lost status Source of classification or shelving scheme Damaged status Not for loan Collection code Home library Current library Date acquired Source of acquisition Cost, normal purchase price Inventory number Full call number Barcode Date last seen Price effective from Koha item type Public note
    Universal Decimal Classification       АБ - Абонемент НБ АБ - Абонемент НБ 12/07/2011 100/2011 7.00 133479 821.161.2 Т92 133479 21/02/2022 12/07/2011 Книги з автографом
    Universal Decimal Classification     Колекція Пасічника І.Д. ЧЗ - Читальна зала ЧЗ - Читальна зала 18/04/2011 52/2011 10.00 132055 821.161.2 Т92 132055 30/09/2021 18/04/2011 Книги з автографом Н. Янчук